000 01444nam a2200373 a 4500
003 BLK
005 20230609164120.0
008 180412b bul|||||r ||||||| ||bul||
010 _aKNG00000654000
020 _a954-8160-19-0
020 _a954-8150-19-0
040 _aBLK
041 _aBUL
_cBUL
080 _b347.27/.28
_x(497.2)
_z347.27/.28(497.2)
100 1 _aВенедиков, Петко Йорданов
_eпърви автор
_9242352
139 _aВенедиков, Петко Йорданов
_bВ 46
245 1 0 _aИпотеки, залог, привилегии
_bС бел. в промените в правното законодателство след 1948 г. : [Изследване]
_cПетко Йорданов Венедиков.
250 _a3. изд.
260 _aСофия
_bСиби
_c1994
300 _a304 с.
_c21 см
380 _a3
490 _aПетко Венедиков
_v1
500 _a1. изд. 1938 на печ. С. М. Стайков.- Библиогр. с. 301-303 ; Предм. показалец.- Офс. изд.- 7 000 тир.
650 4 _aВещно право - България
_9242353
653 _aипотеки
653 _aвещно право
852 _aЦб 176307
_bЦб
856 4 _qpdf
_u
856 4 _qpdf
_u
942 _cKNG
_n0
944 _aCR
_c15.01.2003
_kГеновева_Генчева
944 _aED
_c21.01.2004
999 _c414
_d414
999 _d414